Flugziele vom Flughafen Erfurt-Weimar (ERF) - Statistiken

Allgemein
  • Dieses Quiz wurde 112 mal gespielt
  • Das Durchschnittsergebnis liegt bei 7 aus 13
Antwortstatistiken
Land Airline Flugziel % Korrekt
S Italien Smartwings Rom / FCO
92%
S Albanien Sund Air Tirana / TIA
90%
Griechenland Aegean,Corendon Heraklion / HER
85%
Spanien Eurowings Palma de Mallorca / PMI
85%
Türkei Air Anka,Corendon, Freebird,
Mavi Gök
Antalya / AYT
84%
Ägypten Corendon,Fly Egypt,
Nesma Airlines
Hurghada / HRG
73%
S Italien Smartwings Neapel / NAP
71%
S Italien Smartwings Palermo / PMO
55%
Bulgarien Fly Lili Burgas / BOJ
42%
S Montenegro Sund Air Tivat / TIV
18%
S Italien Smartwings Olbia / OLB
16%
S Italien Smartwings Lamezia Terme / SUF
15%
S Griechenland Sund Air Santorini / JTR
12%
Keine übereinstimmenden Quizze gefunden
Verteilung der Resultate
Anzahl Personen mit jedem Resultat
Perzentil nach korrekt beantworteten Fragen
Ihre Resultats-Entwicklung
Sie haben dieses Quiz noch nicht gespielt